000
00324nam a2200109Ia 4500
008
171211s9999 xx 000 0 und d
245
_a
Jazz as Visual Language: Film, Television and the Dissonant Image
245
_c
Nicolas Pillai
260
_c
2017
650
_x
ART
856
_u
http://down.ebook777.com/060/1784533440.pdf
999
_c
348605
_d
348605